Viaje al sueño del agua (Record no. 88408)

MARC details
000 -LEADER
campo de control de longitud fija 01090nam a2200277 i 4500
001 - NÚMERO DE CONTROL
campo de control 88408
003 - IDENTIFICADOR DE NÚMERO DE CONTROL
campo de control ES-MaACL
005 - FECHA Y HORA DE LA ÚLTIMA TRANSACCIÓN
campo de control 20250815034246.0
007 - CAMPO FIJO DE DESCRIPCIÓN FÍSICA--INFORMACIÓN GENERAL
campo de control de longitud fija t|
008 - DATOS DE LONGITUD FIJA--INFORMACIÓN GENERAL
campo de control de longitud fija 050104s1986 sp |||| | gao d
020 ## - NÚMERO INTERNACIONAL ESTÁNDAR DEL LIBRO
Número Internacional Estándar del Libro 84-7492-287-9
100 1# - ENTRADA PRINCIPAL--NOMBRE DE PERSONA
Nombre de persona Landeira Yrago, José.
9 (RLIN) 69941
245 10 - MENCIÓN DEL TÍTULO
Título Viaje al sueño del agua
Resto del título : el misterio de los poemas gallegos de García Lorca /
Mención de responsabilidad, etc. José Landeira Yrago.
260 ## - PUBLICACIÓN, DISTRIBUCIÓN, ETC.
Lugar de publicación, distribución, etc. Sada, A Coruña :
Nombre del editor, distribuidor, etc. Ediciós do Castro,
Fecha de publicación, distribución, etc. [1986]
300 ## - DESCRIPCIÓN FÍSICA
Extensión 90 p. :
Otras características físicas il. ;
Dimensiones 21 cm.
490 1# - MENCIÓN DE SERIE
Mención de serie Documentos para a historia contemporánea de Galicia ;
Designación de volumen o secuencia 18
501 ## - NOTA DE CON
Nota de "Con" Con: Seis poemas galegos / de Federico García Lorca ; prólogo de E.B.A. - Reprod. facs. de la ed. de : Santiago de Compostela : Nos, 1935.
655 #7 - TERMINO DE INDIZACIÓN--GENERO/FORMA
Fuente del término tgfbne
9 (RLIN) 226495
Datos o término principal de género/forma Facsímiles
700 1# - ENTRADA AGREGADA--NOMBRE PERSONAL
Nombre de persona García Lorca, Federico,
Fechas asociadas al nombre 1898-1936
9 (RLIN) 54853
700 1# - ENTRADA AGREGADA--NOMBRE PERSONAL
Nombre de persona Blanco-Amor, Eduardo.
9 (RLIN) 29220
740 02 - ENTRADA AGREGADA--TÍTULO RELACIONADO/ANALÍTICO NO CONTROLADO
Título relacionado o analítico no controlado Seis poemas galegos.
830 00 - PUNTO DE ACCESO ADICIONAL DE SERIE-TÍTULO UNIFORME
Título uniforme Documentos para a historia contemporánea de Galicia
Designación de volumen o secuencia 18
9 (RLIN) 179273
852 ## - LOCALIZACIÓN
Ubicación ES-MaACL
Número de control de estantería L-10837
942 ## - ELEMENTOS DE ENTRADA SECUNDARIOS (KOHA)
Fuente del sistema de clasificación o colocación Clasificación decimal universal
Holdings
Estatus retirado Estado de pérdida Estado de daño No para préstamo Biblioteca de origen Biblioteca actual Ubicación en estantería Fecha de adquisición Fuente de adquisición Total de préstamos Signatura topográfica completa Código de barras Visto por última vez Precio de reemplazo Tipo de ítem Koha
        Biblioteca del Ateneo de Madrid Biblioteca del Ateneo de Madrid Depósito 2 17/01/2008     L-10837 1092352 23/02/2023 23/02/2023 Libro impreso